Ballon d'Or - classement 2001 - Statistiques

Statistiques générales
  • Ce quiz a été pris 55 fois
  • Le résultat moyen est 16 sur 27
Statistiques - réponses
Poste Club Nationalité Rang Réponse % Correct
Gardien Bayern Munich Allemagne 3 Oliver Kahn
92%
Milieu Real Madrid France 10 Zinédine Zidane
92%
Attaquant Milan AC Ukraine 8 Andriy Chevtchenko
90%
Attaquant Real Madrid Espagne 2 Raúl González
90%
Attaquant Arsenal France 9 Thierry Henry
90%
Défenseur Bayern Munich France 11 Bixente Lizarazu
88%
Attaquant Juventus France 12 David Trezeguet
88%
Attaquant AS Rome Italie 5 Francesco Totti
88%
Attaquant Liverpool Angleterre 1 Michael Owen
87%
Attaquant FC Barcelone Brésil 7 Rivaldo
87%
Milieu Real Madrid Portugal 6 Luís Figo
83%
Milieu Manchester United Angleterre 4 David Beckham
73%
Défenseur Real Madrid Brésil 20 Roberto Carlos
73%
Milieu Liverpool Angleterre 26 Steven Gerrard
67%
Attaquant Celtic Glasgow Suède 14 Henrik Larsson
65%
Défenseur Lazio Rome Italie 15 Alessandro Nesta
60%
Attaquant Lazio Rome Argentine 17 Hernán Crespo
54%
Milieu Milan AC Portugal 27 Rui Costa
52%
Milieu Manchester United Argentine 16 Juan Sebastián Verón
50%
Attaquant Bayern Munich Brésil 18 Giovane Élber
25%
Attaquant Brescia Italie 25 Roberto Baggio
21%
Défenseur Liverpool Finlande 22 Sami Hyypiä
15%
Milieu Lazio Rome Espagne 19 Gaizka Mendieta
13%
Milieu Bayern Munich Allemagne 13 Stefan Effenberg
10%
Attaquant Schalke 04 Danemark 24 Ebbe Sand
4%
Milieu AS Roma Italie 21 Damiano Tommasi
2%
Attaquant Panathinaïkos Pologne 23 Emmanuel Olisadebe
2%
Aucun quiz correspondant
Distribution des résultats
% des personnes avec chaque résultat
Percentile par nombre de réponses
Votre historique - résultats
Vous n’avez pas pris ce quiz